NBA future hall of famers - Statistics

General Stats
  • This quiz has been taken 5,184 times
    4,295 since last reset
  • The average score is 29 of 35
Answer Stats
Team HOF % Pos. Player % Correct
Bucks 100% PF Giannis Antetokounmpo
99%
Celtics 80% SF Jayson Tatum
96%
Lakers 100% SF LeBron James
96%
Mavericks 88% PG Luka Doncic
95%
Nuggets 100% C Nikola Jokic
95%
Warriors 100% PG Steph Curry
95%
Celtics 40% SG Jaylen Brown
94%
Heat 97% SF Jimmy Butler
94%
Clippers 100% SF Kawhi Leonard
94%
Suns 100% SF Kevin Durant
94%
Lakers 100% PF Anthony Davis
93%
76ers 100% SG James Harden
93%
Grizzlies 35% PG Ja Morant
93%
76ers 100% C Joel Embiid
93%
Warriors 95% SG Klay Thompson
93%
Hawks 40% PG Trae Young
93%
Suns 52% SG Devin Booker
92%
Cavaliers 15% SG Donovan Mitchell
92%
Warriors 90% PF Draymond Green
92%
Suns 100% PG Chris Paul
91%
Trailblazers 100% PG Damian Lillard
91%
Mavericks 70% PG Kyrie Irving
90%
Clippers 87% SG Paul George
90%
Timberwolves 7% SG Anthony Edwards
89%
Bulls 45% SF DeMar DeRozan
87%
Clippers 100% PG Russell Westbrook
82%
Magic 0.8% SF Paolo Banchero
79%
Warriors 100% HC Steve Kerr
75%
Cavaliers 5% C Evan Mobley
71%
Spurs 100% HC Gregg Popovich
71%
Heat 80% PF Kevin Love
69%
Heat 100% HC Erik Spoelstra
55%
Free Agent 100% C Dwight Howard
52%
Free Agent 98% SF Carmelo Anthony
44%
Free Agent 70% C Marc Gasol
17%
No matching quizzes found
Score Distribution
Percent of People with Each Score
Percentile by Number Answered
Your Score History
You have not taken this quiz since the last reset